Facultad de Derecho – Universidad Nacional de Mar del Plata

la Fuerza del Derecho o ¿el Derecho de la Fuerza? (Record no. 4556)

MARC details
000 -CABECERA
campo de control de longitud fija 00562nam a22001577a 4500
080 ## - NUMERO DE CLASIFICACION DECIMAL UNIVERSAL (CDU)
Número de la Clasificación Decimal Universal 342
100 ## - ASIENTO PRINCIPAL--NOMBRE PERSONAL
Código del relacionador Autor
Nombre personal Gonzáles, Silvia
245 ## - MENCION DE TITULO
Título propiamente dicho la Fuerza del Derecho o ¿el Derecho de la Fuerza?
300 ## - DESCRIPCION FISICA
Extensión 53 P.
500 ## - NOTA GENERAL
Nota general Director de tesis:
502 ## - NOTA DE TESIS
Nota de tesis Tesis (Especialización)--Universidad Nacional de Mar del Plata. Facultad de Derecho, Departamento de Posgrado, 2006.
504 ## - NOTA DE BIBLIOGRAFIA, ETC.
Nota de bibliografía, etc. Tiene Bibliografía: P. 51- 53.
650 ## - ASIENTO SECUNDARIO DE MATERIA - TERMINO TEMATICO
Fuente del encabezamiento o término Tesauro de Biblioteconomía y Documentación
Término temático o nombre geográfico como elemento de entrada derecho
-- derecho político
-- poder
-- democracia
-- división de poderes
945 ## - INFORMACION DE PROCESAMIENTO LOCAL
Responsable de carga/modificación Celeste Delía
Fecha de ingreso o modificación 2017-08-08
Holdings
Retirado Perdido Dañado No se presta Ubicación permanente Locación actual Estante o sala Fecha de adquisición Enumeración, cronología para publ. seriadas Signatura topográfica Ultima fecha vista Tipo de item de Koha
        Bib. Derecho Bib. Derecho Biblioteca Graduados 08/08/2017 1 Diciembre 2006 342 G 589 08/08/2017 Tesis de posgrado

XHTML | CSS | ©Biblioteca Central - Dto. Tecnología de la Información - [ Con tecnología Koha ]